La equidad tributaria su correcta aplicacin̤ en Mx̌ico

Detalles Bibliográficos
Autor principal: Gm̤ez Ruiz, Marvin Alfredo
Formato: eBook
Lenguaje:español
Publicado: Mx̌ico, D.F. : Corporativo Reyes Mora Advisors, 2012
Materias:
Acceso en línea:http://www.vlex.com/source/6751

MARC

LEADER 00000nam a22000007a 4500
005 20130215135006.0
007 cr|||| ||||
008 130215e2012 mx |||||s|||| 00| 0 spa d
020 |a 6079556650 
035 |a 6751 
040 |a vLex 
090 |c 3662  |d 3662 
100 1 0 |a Gm̤ez Ruiz, Marvin Alfredo 
245 1 3 |a La equidad tributaria  |b su correcta aplicacin̤ en Mx̌ico  |h [Recurso electrn̤ico]  
256 |a Servicio en ln̕ea 
260 |a Mx̌ico, D.F. :  |b Corporativo Reyes Mora Advisors,   |c 2012 
300 |a 1 Recurso electrn̤ico 
650 0 4 |a Derecho fiscal  |z Mx̌ico 
740 |a vLex Libros (servicio en ln̕ea) 
856 |a Acceso restringido  |u http://www.vlex.com/source/6751 
942 |c BOOK 
999 0 |a Taxation